History Quiz

Random History or Decade Quiz

1930s Match-Up Quiz Stats

 Plays Quiz Updated Aug 5, 2014

Support Sporcle.
Go Orange.
Score 0/35 Timer 05:00
12 Plays Today
% Correct
The Wizard of
98.4%
Gone With the
98.3%
Walt
98.1%
Great
97.6%
Amelia
97.5%
Mahatma
97.1%
Joseph
96.6%
The Grapes of
95.9%
Salvador
95.2%
Hindenburg
94.9%
Hoover
94.6%
Marx
92.3%
Duke
92.1%
Snow
91.8%
Dust
91.2%
New
90.6%
Jesse
88.3%
Tender
87.9%
% Correct
Billie
87.8%
Lou
87.5%
Neville
86.1%
Chiang
84.5%
Georgia
83.4%
Long
80.8%
Marlene
79.7%
Great
79.1%
Frida
76.1%
Gertrude
74.5%
Finnegans
73.6%
Salt
70.6%
Zhou
66.3%
Federico
64%
Homage to
59%
Dorothea
57.4%
GetĂșlio
45.3%

You're not logged in!

Compare scores with friends on all Sporcle quizzes.
OR
Log In

From the Vault

Harry Potter Locations

by Hejman

Let's take a tour of the magical world of Harry Potter.
Remove Ads.
Support Sporcle.
Get the best of Sporcle when you Go Orange. This ad-free experience offers more features, more stats, and more fun while also helping to support Sporcle. Thank you for becoming a member.

Show Comments

Extras

Top Quizzes Today


Score Distribution

Your Account Isn't Verified!

In order to create a playlist on Sporcle, you need to verify the email address you used during registration. Go to your Sporcle Settings to finish the process.

Report this User

Report this user for behavior that violates our Community Guidelines.

Details: